| 000 | 00847cab a2200241 4500 | ||
|---|---|---|---|
| 001 | ABS54393 | ||
| 008 | 090401t1996 xxu||||| |||| 00| 0 eng d | ||
| 035 | _a(Sirsi) u10092 | ||
| 041 | _aeng | ||
| 100 | _aJones, D. | ||
| 245 | _a`Persons unknown injunctions` under section 187B of Town and Country Planning Act 1990 | ||
| 260 | _c1996 | ||
| 350 | _a0 | ||
| 490 |
_aJournal of Planning and Environment Law _vFebruary 1996, 91-98(8) |
||
| 520 | _aExamines the legal, procedural and practical limitations of `Persons Unknown Injunctions` under Town and Country Planning Act 1990 s187B. | ||
| 650 | _aBREACH OF PLANNING CONTROL | ||
| 650 | _aPERSONS UNKNOWN INJUNCTIONS | ||
| 650 | _aPLANNING CONTROL | ||
| 650 | _aTOWN AND COUNTRY PLANNING ACT 1990 S187(B) | ||
| 690 | _aPLANNING LAW AND PRACTICE | ||
| 942 | _n0 | ||
| 948 | _c04/03/1997 | ||
| 999 |
_c6341 _d6341 |
||